| 000 | 00768nam a22002177a 4500 | ||
|---|---|---|---|
| 999 |
_c1395 _d1395 |
||
| 003 | AR-CdUCM | ||
| 008 | 190226b ||||| |||| 00| 0 spa d | ||
| 020 | _a992420434 | ||
| 040 |
_aMUNICIPALIDAD PROVINCIAL DEL CUSCO _cBIBLIOTECA MUNICIPAL DEL CUSCO |
||
| 082 |
_a348.1 / _bB81 |
||
| 100 |
_aArias Torres, Luis Bramont _95310 |
||
| 245 |
_aEl Delito Informatico en el Codigo Penal Peruano / _cArias Torres, Luis Bramont |
||
| 260 |
_aLima, Peru: _bPontificia Universidad Catolica de Lima , _c1997. |
||
| 300 |
_a83 paginas : _c18.5 cm. |
||
| 650 |
_aDelito Informatico. _95311 |
||
| 650 |
_aInformatica Forense. _95312 |
||
| 650 |
_aCodigo Penal Informatico. _95313 |
||
| 700 |
_aArias Torres, Luis Bramont _95310 |
||
| 942 |
_2ddc _cLIBROS |
||
| 945 |
_artm _d2019-02-26 |
||